Prof. G Ram Reddy Library

The fourth revolution (Record no. 79373)

MARC details
000 -LEADER
fixed length control field 00595nam a2200193Ia 4500
003 - CONTROL NUMBER IDENTIFIER
control field LDD
008 - FIXED-LENGTH DATA ELEMENTS--GENERAL INFORMATION
fixed length control field 181029s9999 xx 000 0 und d
020 ## - INTERNATIONAL STANDARD BOOK NUMBER
International Standard Book Number 415910781
Terms of availability P 17.95
040 ## - CATALOGING SOURCE
Transcribing agency LDD
100 ## - MAIN ENTRY--PERSONAL NAME
Personal name Daniels, Robert V.
245 #4 - TITLE STATEMENT
Title The fourth revolution
Remainder of title transformation in american society from the sixities to t
Statement of responsibility, etc. Robert V. Daniels
260 ## - PUBLICATION, DISTRIBUTION, ETC.
Place of publication, distribution, etc. New York
Name of publisher, distributor, etc. Routledge
Date of publication, distribution, etc. 2006
300 ## - PHYSICAL DESCRIPTION
Extent xiii, 275p
365 ## - TRADE PRICE
Price amount P 17.95
901 ## - LOCAL DATA ELEMENT A, LDA (RLIN)
a 4008
b 06-12-2007
902 ## - LOCAL DATA ELEMENT B, LDB (RLIN)
a 11336
b 27-12-2007
c F
d OP
e 32
903 ## - LOCAL DATA ELEMENT C, LDC (RLIN)
a Discount-15
b Reqst by : Anurag Joshi
942 ## - ADDED ENTRY ELEMENTS (KOHA)
Source of classification or shelving scheme Dewey Decimal Classification
Koha item type Books
Holdings
Withdrawn status Lost status Source of classification or shelving scheme Damaged status Not for loan Home library Current library Total Checkouts Full call number Barcode Date last seen Cost, replacement price Price effective from Koha item type
No   Dewey Decimal Classification     Library and Documentation Division Library and Documentation Division   303.484097309045 D22 062706 11/01/2018 1407.28 11/01/2018 Books

© Prof. G Ram Reddy Centre Library, Indira Gandhi National Open University, Maidan Garhi, New Delhi, 110068
+91-011-29532797 | FAX+91-011-29533393 |